Science - Biology | 0 | 5 | 0 | 0 | 50 | 97 | 107.00 | 0 | 0 |
Science - Chemistry | 1 | 1 | 0 | 0 | 25 | 57 | 60.00 | 0 | 0 |
Science - Physics | 1 | 1 | 0 | 0 | 25 | 47 | 72.50 | 0 | 0 |
Social Science - Economics | 1 | 1 | 0 | 0 | 25 | 54 | 82.00 | 0 | 1 |
History - American | 1 | 1 | 0 | 0 | 25 | 52 | 69.00 | 0 | 0 |
Science - Engineering and Miscellaneous | 0 | 2 | 0 | 0 | 20 | 79 | 95.00 | 0 | 0 |
Science - Earth | 0 | 2 | 0 | 0 | 20 | 59 | 78.00 | 0 | 0 |
Current Events - World | 1 | 0 | 0 | 0 | 15 | 34 | 34.00 | 1 | 1 |
Geography - United States | 1 | 0 | 0 | 0 | 15 | 29 | 29.00 | 1 | 1 |
Social Science - Sociology | 0 | 1 | 0 | 0 | 10 | 90 | 90.00 | 0 | 0 |
Social Science - Other | 0 | 1 | 0 | 0 | 10 | 93 | 93.00 | 0 | 0 |
RMP - Hinduism | 0 | 1 | 0 | 0 | 10 | 131 | 131.00 | 0 | 0 |
History - Cross, Historiography, and Miscellaneous | 0 | 1 | 0 | 0 | 10 | 119 | 119.00 | 0 | 0 |
Fine Arts - Painting | 0 | 1 | 0 | 0 | 10 | 63 | 63.00 | 0 | 0 |
Other - Other Academic and General Knowledge | 0 | 1 | 0 | 0 | 10 | 95 | 95.00 | 0 | 0 |
Fine Arts - Ballet/Dance | 0 | 1 | 0 | 0 | 10 | 110 | 110.00 | 0 | 0 |
Literature - British | 0 | 0 | 0 | 0 | 0 | | 0.00 | 0 | 0 |
Fine Arts - Architecture | 0 | 0 | 0 | 0 | 0 | | 0.00 | 0 | 0 |
Fine Arts - Sculpture | 0 | 0 | 0 | 0 | 0 | | 0.00 | 0 | 0 |
Geography - World | 0 | 0 | 0 | 0 | 0 | | 0.00 | 0 | 0 |
History - European | 0 | 0 | 0 | 0 | 0 | | 0.00 | 0 | 0 |
Literature - American | 0 | 0 | 0 | 0 | 0 | | 0.00 | 0 | 0 |
Current Events - U.S. | 0 | 0 | 0 | 0 | 0 | | 0.00 | 0 | 0 |
RMP - Greco-Roman Mythology | 0 | 0 | 0 | 0 | 0 | | 0.00 | 0 | 0 |
RMP - Hebrew Bible | 0 | 0 | 0 | 0 | 0 | | 0.00 | 0 | 0 |